Normal view
MARC view
Entry Personal Name
001 - CONTROL NUMBER
- control field: 15461
003 - CONTROL NUMBER IDENTIFIER
- control field: dpl
005 - DATE AND TIME OF LATEST TRANSACTION
- control field: 20100820121357.0
008 - FIXED-LENGTH DATA ELEMENTS
- fixed length control field: 100820|||a|||||| | ||| d
040 ## - CATALOGING SOURCE
- Original cataloging agency: dpl
- Transcribing agency: dpl
100 ## - HEADING--PERSONAL NAME
- Personal name: Jocelyn,J Ann Henning
670 ## - SOURCE DATA FOUND
- Source citation: Work cat.: (dpl): Jocelyn,J Ann Henning, Keylines for living :, 2009
670 ## - SOURCE DATA FOUND
- Source citation: Work cat.: (dpl): Jocelyn,J Ann Henning, Keylines for living :, 2009
